000
00300nam a22001337a 4500
008
170911b xxu||||| |||| 00| 0 eng d
020
_a
9780713991000
041
_a
eng
080
_a
53
100
_a
43
101
_a
FIZ
245
_a
METAPHYSICS AS A GUIDE TO MORALS
_c
MURDOCH,I
942
_2
udc
_c
BK
999
_c
27167
_d
27167